[Event "GER-ch U25 op-B"]
[White "Wildermuth, Nikolas Karl"]
[Black "Liang, Jiaxuan"]
[Site "Willingen"]
[Round "3"]
[Result "1/2-1/2"]
[Date "2024.05.20"]
[WhiteElo "1777"]
[BlackElo "1673"]
[PlyCount "41"]
[EventDate "2024.05.19"]
[EventType "swiss"]
[EventRounds "9"]
[EventCountry "GER"]
[SourceTitle "EXT 2025"]
[Source "ChessBase"]
[SourceDate "2024.10.14"]
[SourceVersion "1"]
[SourceVersionDate "2024.10.14"]
[SourceQuality "1"]

1. e4 e5 2. Nf3 Nc6 3. Bb5 a6 4. Ba4 Nf6 5. 0-0 Be7 6. Re1 b5 7. Bb3 d6 8. c3 0-0 9. h3 Nb8 10. d4 Nbd7 11. Nbd2 Bb7 12. Bc2 Re8 13. Nf1 Bf8 14. Ng3 g6 15. a4 c5 16. d5 c4 17. Bg5 h6 18. Be3 Nc5 19. Qd2 h5 20. Bg5 Be7 21. Ra3 1/2-1/2

[Event "GER-ch U25 op-B"]
[White "Ott, Claudius"]
[Black "Wildermuth, Nikolas Karl"]
[Site "Willingen"]
[Round "2"]
[Result "0-1"]
[Date "2024.05.19"]
[WhiteElo "1674"]
[BlackElo "1777"]
[PlyCount "108"]
[EventDate "2024.05.19"]
[EventType "swiss"]
[EventRounds "9"]
[EventCountry "GER"]
[SourceTitle "EXT 2025"]
[Source "ChessBase"]
[SourceDate "2024.10.14"]
[SourceVersion "1"]
[SourceVersionDate "2024.10.14"]
[SourceQuality "1"]

1. e4 c5 2. Nf3 a6 3. c3 e6 4. d4 d5 5. exd5 exd5 6. Bd3 c4 7. Bc2 Nf6 8. 0-0 Be7 9. Re1 Bg4 10. Nbd2 0-0 11. Nf1 Nc6 12. h3 Bh5 13. Ng3 Bg6 14. Bxg6 hxg6 15. Bg5 Bd6 16. Ne5 Qc7 17. Bxf6 gxf6 18. Nxc6 bxc6 19. Nf1 Rab8 20. Rb1 Rb7 21. Ne3 Rfb8 22. Ng4 f5 23. Nf6+ Kf8 24. Qd2 Bf4 25. Qe2 Qd8 26. Qf3 Qxf6 27. Qxf4 Kg7 28. Re2 a5 29. Qe5 Qxe5 30. dxe5 a4 31. a3 Kf8 32. e6 Re7 33. Rbe1 Rbe8 34. exf7 Rxe2 35. fxe8Q+ Rxe8 36. Rxe8+ Kxe8 37. f4 c5 38. Kf2 d4 39. g4 fxg4 40. hxg4 Ke7 41. f5 gxf5 42. gxf5 Kf6 43. Kf3 Kxf5 44. Ke2 Ke4 45. Kd2 Kf3 46. Kd1 Kf2 47. Kd2 d3 48. Kd1 Ke3 49. Ke1 d2+ 50. Kd1 Kd3 51. b3 axb3 52. a4 b2 53. a5 b1N 54. a6 Nxc3# 0-1

[Event "GER-ch U25 op-B"]
[White "Wildermuth, Nikolas Karl"]
[Black "Claussen, Alexander"]
[Site "Willingen"]
[Round "1"]
[Result "1-0"]
[Date "2024.05.19"]
[WhiteElo "1777"]
[BlackElo "1595"]
[PlyCount "37"]
[EventDate "2024.05.19"]
[EventType "swiss"]
[EventRounds "9"]
[EventCountry "GER"]
[SourceTitle "EXT 2025"]
[Source "ChessBase"]
[SourceDate "2024.10.14"]
[SourceVersion "1"]
[SourceVersionDate "2024.10.14"]
[SourceQuality "1"]

1. e4 e6 2. b3 b6 3. g3 Bb7 4. Bg2 Nf6 5. Nc3 Bb4 6. Nge2 d5 7. exd5 Nxd5 8. Nxd5 Bxd5 9. 0-0 Bxg2 10. Kxg2 Nd7 11. Bb2 Nf6 12. Nc3 0-0 13. Qe2 Qd7 14. Kg1 Rad8 15. Rad1 Rfe8 16. d3 Qd4 17. Na4 Qd5 18. Bxf6 gxf6 19. Qg4+ 1-0

[Event "GER-ch U14"]
[White "Wildermuth, Nikolas Karl"]
[Black "Divry, Alexandre"]
[Site "Willingen"]
[Round "5"]
[Result "1-0"]
[Date "2019.06.12"]
[WhiteElo "1630"]
[BlackElo "1654"]
[PlyCount "92"]
[EventDate "2019.06.08"]
[EventType "swiss"]
[EventRounds "9"]
[EventCountry "GER"]
[SourceTitle "CBM 191 Extra"]
[Source "ChessBase"]
[SourceDate "2019.09.30"]
[SourceVersion "1"]
[SourceVersionDate "2019.09.30"]
[SourceQuality "1"]

1. e4 e5 2. Nf3 Nc6 3. Bb5 f5 4. d3 Nf6 5. 0-0 d6 6. Nc3 Be7 7. exf5 Bxf5 8. d4 exd4 9. Nxd4 Bd7 10. Nxc6 bxc6 11. Be2 0-0 12. Bf3 d5 13. Ne2 Bd6 14. Ng3 Be6 15. Bg5 Rb8 16. Rb1 Be5 17. Qe2 Qd6 18. Rfe1 Nd7 19. c3 Bf7 20. Nf5 Bxh2+ 21. Kh1 Qe5 22. Qxe5 Bxe5 23. Ne7+ Kh8 24. Nxc6 Rbe8 25. Be7 Rg8 26. Bg4 Rxe7 27. Nxe7 Re8 28. Nc6 Nf6 29. Nxe5 Rxe5 30. Rxe5 Nxg4 31. Rf5 Kg8 32. Re1 Bg6 33. Rf4 Nf6 34. Ra4 Ne4 35. Kg1 Nd2 36. Re2 Nc4 37. Rxc4 dxc4 38. Re7 Bb1 39. a3 a5 40. Rxc7 Bd3 41. Ra7 g5 42. Rxa5 g4 43. Rg5+ Kf7 44. Rxg4 h5 45. Rd4 Be2 46. a4 Ke6 1-0

[Event "GER-ch U14"]
[White "Wildermuth, Nikolas Karl"]
[Black "Wellssow, Keoki"]
[Site "Willingen"]
[Round "3"]
[Result "0-1"]
[Date "2019.06.10"]
[WhiteElo "1630"]
[BlackElo "1509"]
[PlyCount "72"]
[EventDate "2019.06.08"]
[EventType "swiss"]
[EventRounds "9"]
[EventCountry "GER"]
[SourceTitle "CBM 191 Extra"]
[Source "ChessBase"]
[SourceDate "2019.09.30"]
[SourceVersion "1"]
[SourceVersionDate "2019.09.30"]
[SourceQuality "1"]

1. e4 g6 2. d4 Bg7 3. Nc3 d6 4. Be3 a6 5. Qd2 b5 6. f3 Bb7 7. 0-0-0 Nd7 8. Kb1 c5 9. d5 Nb6 10. g4 b4 11. Nce2 Nc4 12. Qc1 Bxb2 13. Qxb2 Nxb2 14. Kxb2 Qa5 15. Bc1 Rb8 16. Nf4 Bc8 17. Ng2 Bd7 18. Ne3 Bb5 19. Nc4 Bxc4 20. Bxc4 Nf6 21. Ne2 Qa3+ 22. Kb1 Qxf3 23. Rhf1 Qxe4 24. Rf4 Qg2 25. Rg1 Qxh2 26. Rgf1 Nxd5 27. Bxd5 Qxe2 28. Bxf7+ Kd7 29. Bc4 Qg2 30. Bb2 e5 31. Rf7+ Kc6 32. Ra7 Ra8 33. Re7 Rhf8 34. Rd1 h5 35. Bd5+ Qxd5 36. Rxd5 Kxd5 0-1

[Event "GER-ch U14"]
[White "Wildermuth, Nikolas Karl"]
[Black "Von Krosigk, Florian"]
[Site "Willingen"]
[Round "1"]
[Result "0-1"]
[Date "2019.06.09"]
[WhiteElo "1630"]
[BlackElo "1926"]
[PlyCount "68"]
[EventDate "2019.06.08"]
[EventType "swiss"]
[EventRounds "9"]
[EventCountry "GER"]
[SourceTitle "CBM 191 Extra"]
[Source "ChessBase"]
[SourceDate "2019.09.30"]
[SourceVersion "1"]
[SourceVersionDate "2019.09.30"]
[SourceQuality "1"]

1. g3 Nf6 2. Bg2 e6 3. d3 d5 4. a3 c5 5. Nd2 Nc6 6. c4 Be7 7. Ngf3 0-0 8. 0-0 Rb8 9. b3 b5 10. cxd5 exd5 11. Bb2 d4 12. Rc1 Bb7 13. Ng5 Na5 14. Bxb7 Rxb7 15. Ngf3 Qd5 16. b4 cxb4 17. axb4 Nc6 18. Nb3 Bxb4 19. Nbxd4 Nxd4 20. Bxd4 Nd7 21. Rb1 a5 22. e4 Qd6 23. Qe2 Ba3 24. Bb2 Bxb2 25. Rxb2 a4 26. e5 Qd5 27. Rb4 Nc5 28. Rd4 Qb3 29. Rc1 Ne6 30. Re4 a3 31. Nd2 Qb2 32. Rb1 Qc2 33. Reb4 a2 34. Ra1 Qc3 0-1

[Event "Youth District Germany"]
[White "Wildermuth, Nikolas Karl"]
[Black "Puls, Luisa"]
[Site "Wuerzburg"]
[Round "6.7"]
[Result "1-0"]
[Date "2018.10.06"]
[WhiteElo "1539"]
[BlackElo "1456"]
[PlyCount "71"]
[EventDate "2018.10.02"]
[EventType "team-swiss"]
[EventRounds "7"]
[EventCountry "GER"]
[SourceTitle "CBM 186 Extra"]
[Source "ChessBase"]
[SourceDate "2018.08.24"]
[SourceVersion "1"]
[SourceVersionDate "2018.08.24"]
[SourceQuality "1"]
[WhiteTeam "Wuerttemberg U20 II"]
[BlackTeam "Mecklenburg-Vorpommern U20"]
[WhiteTeamCountry "GER"]
[BlackTeamCountry "GER"]

1. d4 d5 2. Nf3 Nf6 3. e3 e6 4. Bd3 Be7 5. 0-0 0-0 6. b3 Nbd7 7. Nbd2 b6 8. Bb2 c5 9. c4 Bb7 10. Ne5 Qc7 11. Qc2 Rfd8 12. h3 Bd6 13. f4 h6 14. g4 dxc4 15. bxc4 Bxe5 16. fxe5 Ne8 17. Bh7+ Kf8 18. Rf2 Nb8 19. Ne4 Rd7 20. Raf1 Na6 21. a3 Rb8 22. Bg6 Ba8 23. Rxf7+ Rxf7 24. Rxf7+ Qxf7 25. Bxf7 Kxf7 26. Nd6+ Nxd6 27. exd6 Rd8 28. Qa4 Bb7 29. d7 Ke7 30. Qc2 Kf7 31. d5 Rxd7 32. dxe6+ Kxe6 33. Qf5+ Ke7 34. Bxg7 Kd8 35. Qf8+ Kc7 36. Be5+ 1-0

[Event "Youth District Germany"]
[White "Wildermuth, Nikolas Karl"]
[Black "Ruhmke, Rebecca"]
[Site "Wuerzburg"]
[Round "4.7"]
[Result "1-0"]
[Date "2018.10.05"]
[WhiteElo "1539"]
[BlackElo "1399"]
[PlyCount "43"]
[EventDate "2018.10.02"]
[EventType "team-swiss"]
[EventRounds "7"]
[EventCountry "GER"]
[SourceTitle "CBM 186 Extra"]
[Source "ChessBase"]
[SourceDate "2018.08.24"]
[SourceVersion "1"]
[SourceVersionDate "2018.08.24"]
[SourceQuality "1"]
[WhiteTeam "Wuerttemberg U20 II"]
[BlackTeam "Hamburg U20"]
[WhiteTeamCountry "GER"]
[BlackTeamCountry "GER"]

1. e4 Nf6 2. e5 Nd5 3. d4 d6 4. Nf3 dxe5 5. Nxe5 c6 6. c4 Nf6 7. Nc3 Bf5 8. Qf3 e6 9. Be3 Nbd7 10. h3 Qa5 11. Nxd7 Nxd7 12. Be2 Be7 13. 0-0 Qb6 14. d5 Qxb2 15. dxe6 Bxe6 16. Rfc1 Bf6 17. Rab1 Qa3 18. Ne4 Qxa2 19. Rxb7 0-0 20. Rxd7 Bxd7 21. Nxf6+ gxf6 22. Qxf6 1-0

[Event "Baden Wuerttemberg-chT U12"]
[White "Wildermuth, Nikolas Karl"]
[Black "Miranda Martin, Pablo Mateo"]
[Site "Burg Ortenberg"]
[Round "2.1"]
[Result "1-0"]
[Date "2018.06.23"]
[WhiteElo "1539"]
[BlackElo "1518"]
[PlyCount "33"]
[EventDate "2018.06.23"]
[EventType "team-tourn"]
[EventRounds "5"]
[EventCountry "GER"]
[SourceTitle "EXT 2019"]
[Source "ChessBase"]
[SourceDate "2018.10.10"]
[SourceVersion "1"]
[SourceVersionDate "2018.10.10"]
[SourceQuality "1"]
[WhiteTeam "Hohentuebingen U12"]
[BlackTeam "Walldorf U12"]
[WhiteTeamCountry "GER"]
[BlackTeamCountry "GER"]

1. e4 d6 2. d4 Nf6 3. Bd3 Nc6 4. Nf3 g6 5. c3 Bg4 6. h3 Bxf3 7. Qxf3 Bg7 8. Be3 Nd7 9. Bc4 Nf6 10. Nd2 e5 11. g4 Qe7 12. d5 Nb8 13. b4 Nfd7 14. a4 Qf6 15. Qg3 a5 16. h4 axb4 17. Bg5 1-0

[Event "GER-ch U12"]
[White "Pikalow, Michael"]
[Black "Wildermuth, Nikolas Karl"]
[Site "Willingen"]
[Round "6"]
[Result "1/2-1/2"]
[Date "2018.05.23"]
[WhiteElo "1637"]
[BlackElo "1564"]
[PlyCount "113"]
[EventDate "2018.05.19"]
[EventType "swiss"]
[EventRounds "11"]
[EventCountry "GER"]
[SourceTitle "CBM 184 Extra"]
[Source "ChessBase"]
[SourceDate "2018.06.28"]
[SourceVersion "1"]
[SourceVersionDate "2018.06.28"]
[SourceQuality "1"]

1. e4 c5 2. Nf3 a6 3. c3 e6 4. d4 d5 5. exd5 exd5 6. Bd3 c4 7. Bc2 Nf6 8. 0-0 Be7 9. b3 b5 10. a4 Bb7 11. axb5 axb5 12. Rxa8 Bxa8 13. Ne5 Nbd7 14. Bf4 0-0 15. Qf3 Ne4 16. bxc4 Nxe5 17. Bxe5 f6 18. Bf4 bxc4 19. Qh3 Qc8 20. Qh5 g6 21. Qf3 f5 22. Nd2 g5 23. Be3 f4 24. Nxe4 fxe3 25. Qxe3 dxe4 26. Bxe4 Re8 27. Bxa8 Qxa8 28. Qe6+ Kg7 29. Qxc4 Qe4 30. Qb5 Bf6 31. h3 h5 32. c4 Rf8 33. d5 Bd4 34. Qd7+ Rf7 35. Qe6 Qxe6 36. dxe6 Rf6 37. Rb1 Bxf2+ 38. Kf1 Bd4+ 39. Ke2 Rxe6+ 40. Kf3 Rc6 41. c5 Rxc5 42. Rb7+ Kg6 43. Rb6+ Kf5 44. Rh6 Rc3+ 45. Ke2 h4 46. Ra6 Re3+ 47. Kf1 Kf4 48. Ra8 Kg3 49. Ra5 Re5 50. Rxe5 Bxe5 51. Kg1 Bd4+ 52. Kh1 Kf2 53. Kh2 Ke3 54. Kg1 Kf4+ 55. Kh1 g4 56. Kh2 Bf2 57. Kh1 1/2-1/2

[Event "GER-ch U12"]
[White "Wildermuth, Nikolas Karl"]
[Black "Haenselmann, Hendrik"]
[Site "Willingen"]
[Round "7"]
[Result "1-0"]
[Date "2018.05.23"]
[WhiteElo "1564"]
[BlackElo "1692"]
[PlyCount "114"]
[EventDate "2018.05.19"]
[EventType "swiss"]
[EventRounds "11"]
[EventCountry "GER"]
[SourceTitle "CBM 184 Extra"]
[Source "ChessBase"]
[SourceDate "2018.06.28"]
[SourceVersion "1"]
[SourceVersionDate "2018.06.28"]
[SourceQuality "1"]

1. e4 c6 2. d4 d5 3. exd5 cxd5 4. c4 Nf6 5. Nc3 e6 6. Nf3 dxc4 7. Bxc4 Nc6 8. a3 Be7 9. 0-0 0-0 10. Be3 b6 11. Qc2 Bb7 12. Rfd1 Na5 13. Ba2 Bxf3 14. gxf3 Rc8 15. Qe2 Qc7 16. Rac1 Qb7 17. b4 Nc6 18. d5 exd5 19. Nxd5 Rfe8 20. Nxf6+ Bxf6 21. Bd5 Red8 22. b5 Rxd5 23. Rxd5 Ne7 24. Rxc8+ Qxc8 25. Rd2 Ng6 26. Qd1 h6 27. Bd4 Bg5 28. Be3 Bf6 29. Rd7 Ne5 30. Rd4 Qh3 31. Rf4 Ng6 32. Rg4 Ne5 33. Rg3 Qh5 34. Bd4 Nxf3+ 35. Qxf3 Qxf3 36. Rxf3 Bxd4 37. Rd3 Bc5 38. a4 Kf8 39. Rd7 Ke8 40. Rxa7 g6 41. Rc7 Bb4 42. Rb7 Ba5 43. Kf1 g5 44. Ke2 h5 45. Kf3 Kf8 46. Ke4 Kg7 47. Kf5 g4 48. Kg5 Be1 49. Rxb6 Bxf2 50. Rb7 g3 51. hxg3 Bxg3 52. Kxh5 Be1 53. Ra7 Bf2 54. Rd7 Bb6 55. Rd6 Bc7 56. Rc6 Ba5 57. b6 Bxb6 1-0

[Event "GER-ch U12"]
[White "Wildermuth, Nikolas Karl"]
[Black "Huo, Da"]
[Site "Willingen"]
[Round "2"]
[Result "1-0"]
[Date "2018.05.20"]
[WhiteElo "1564"]
[BlackElo "1790"]
[PlyCount "54"]
[EventDate "2018.05.19"]
[EventType "swiss"]
[EventRounds "11"]
[EventCountry "GER"]
[SourceTitle "CBM 184 Extra"]
[Source "ChessBase"]
[SourceDate "2018.06.28"]
[SourceVersion "1"]
[SourceVersionDate "2018.06.28"]
[SourceQuality "1"]

1. e4 c5 2. Nf3 e6 3. d4 cxd4 4. Nxd4 a6 5. Nc3 Qc7 6. Bd3 Nf6 7. f4 d6 8. Qf3 Nbd7 9. 0-0 Be7 10. Be3 0-0 11. g4 Nc5 12. g5 Ne8 13. Rf2 Nxd3 14. cxd3 f6 15. Qh5 g6 16. Qh4 fxg5 17. fxg5 Rxf2 18. Qxf2 e5 19. Rf1 Bh3 20. Qf7+ Kh8 21. Nd5 Qd7 22. Nf5 Bxf5 23. exf5 Ng7 24. Qxe7 Qxe7 25. Nxe7 gxf5 26. Nxf5 Ne8 27. Nh6 b5 1-0

[Event "GER-ch U12"]
[White "Tran, Minh Dat"]
[Black "Wildermuth, Nikolas Karl"]
[Site "Willingen"]
[Round "8"]
[Result "1/2-1/2"]
[Date "2017.06.08"]
[WhiteElo "1403"]
[BlackElo "1422"]
[PlyCount "75"]
[EventDate "2017.06.04"]
[EventType "swiss"]
[EventRounds "11"]
[EventCountry "GER"]
[SourceTitle "CBM 178 Extra"]
[Source "ChessBase"]
[SourceDate "2017.06.22"]
[SourceVersion "1"]
[SourceVersionDate "2017.06.22"]
[SourceQuality "1"]

1. e4 c5 2. Nf3 a6 3. d4 cxd4 4. Nxd4 Nf6 5. Nc3 e5 6. Nf3 Bb4 7. Bd2 d6 8. Bd3 0-0 9. 0-0 b6 10. a3 Bxc3 11. Bxc3 Bb7 12. Nd2 Nbd7 13. f3 Qc7 14. Nb3 Nh5 15. Qe2 Nf4 16. Qd1 Rac8 17. g3 Ne6 18. Qe2 Ndc5 19. Nxc5 Nxc5 20. Rac1 Na4 21. Bxa6 Nxc3 22. bxc3 Bxa6 23. Qxa6 Qxc3 24. Qxb6 Qxa3 25. Ra1 Qc5+ 26. Qxc5 Rxc5 27. Rfd1 Rxc2 28. Rxd6 Rb8 29. Rf1 h6 30. Rf2 Rb1+ 31. Kg2 Rbb2 32. Rxc2 Rxc2+ 33. Kh3 Rc3 34. Kg2 Kf8 35. Rd5 f6 36. g4 Kf7 37. Kg3 Kg6 38. Rd7 1/2-1/2

[Event "GER-ch U12"]
[White "Stepanov, Maximilian"]
[Black "Wildermuth, Nikolas Karl"]
[Site "Willingen"]
[Round "6"]
[Result "1-0"]
[Date "2017.06.07"]
[WhiteElo "1609"]
[BlackElo "1422"]
[PlyCount "107"]
[EventDate "2017.06.04"]
[EventType "swiss"]
[EventRounds "11"]
[EventCountry "GER"]
[SourceTitle "CBM 178 Extra"]
[Source "ChessBase"]
[SourceDate "2017.06.22"]
[SourceVersion "1"]
[SourceVersionDate "2017.06.22"]
[SourceQuality "1"]

1. d4 Nf6 2. c4 e6 3. Nf3 b6 4. Bf4 Bb7 5. Nbd2 d6 6. e3 Nbd7 7. Be2 Be7 8. a3 c5 9. dxc5 Nxc5 10. 0-0 0-0 11. h3 Rc8 12. Bh2 Nfe4 13. Rb1 Qc7 14. Nd4 a6 15. f3 Nxd2 16. Qxd2 Rfd8 17. e4 Bf6 18. Nc2 Nb3 19. Qe3 Qc5 20. Rfd1 Qxe3+ 21. Nxe3 Be7 22. Bd3 Bf6 23. Ng4 Bd4+ 24. Kh1 Nc5 25. Bc2 e5 26. Bg1 Bxg1 27. Kxg1 Ne6 28. Bd3 Nd4 29. Ne3 g6 30. Nd5 Bxd5 31. cxd5 b5 32. Rdc1 Nb3 33. Rc3 Rxc3 34. bxc3 Nc5 35. Be2 Kf8 36. c4 bxc4 37. Bxc4 a5 38. Rb6 Ke7 39. Bb5 Rc8 40. a4 Rc7 41. Rb8 Rb7 42. Ra8 Nb3 43. Bc4 Nc5 44. Rxa5 Rb4 45. Bb5 Kd8 46. Ra7 f5 47. exf5 gxf5 48. Bc6 Rb6 49. Rxh7 Ra6 50. Rh6 Kc7 51. Rh7+ Kb6 52. h4 Nxa4 53. Rb7+ Kc5 54. h5 1-0

[Event "GER-ch U12"]
[White "Wildermuth, Nikolas Karl"]
[Black "Grabbel, Torben Frederik"]
[Site "Willingen"]
[Round "5"]
[Result "1-0"]
[Date "2017.06.06"]
[WhiteElo "1422"]
[BlackElo "1405"]
[PlyCount "145"]
[EventDate "2017.06.04"]
[EventType "swiss"]
[EventRounds "11"]
[EventCountry "GER"]
[SourceTitle "CBM 178 Extra"]
[Source "ChessBase"]
[SourceDate "2017.06.22"]
[SourceVersion "1"]
[SourceVersionDate "2017.06.22"]
[SourceQuality "1"]

1. e4 e5 2. Nf3 Nc6 3. Bb5 a6 4. Ba4 b5 5. Bb3 Nf6 6. 0-0 Bc5 7. d3 0-0 8. Bg5 h6 9. Bh4 Be7 10. c3 d6 11. Nbd2 Na5 12. Bc2 c5 13. Re1 Nc6 14. Nf1 Re8 15. Ne3 Bd7 16. h3 Rc8 17. Nh2 Be6 18. Bg3 b4 19. Nhg4 Nxg4 20. hxg4 bxc3 21. bxc3 Bf6 22. f3 Bg5 23. Bf2 Rb8 24. g3 Ne7 25. c4 Ng6 26. Bb3 Qc7 27. Kg2 Red8 28. Rh1 Ne7 29. Nd5 Nxd5 30. cxd5 Bd7 31. Be1 Be3 32. Bd2 Bd4 33. Rc1 Bb5 34. a4 Bd7 35. Bc4 Ra8 36. f4 Rdb8 37. g5 exf4 38. gxh6 g6 39. gxf4 Qc8 40. Bc3 Bxc3 41. Rxc3 Rb2+ 42. Kg3 Rb4 43. h7+ Kh8 44. Qa1 Qf8 45. Rb3+ Qg7 46. Qxg7+ Kxg7 47. Rxb4 cxb4 48. Bxa6 Bxa4 49. e5 dxe5 50. fxe5 Rh8 51. Rb1 b3 52. Bc4 Rxh7 53. Bxb3 Bd7 54. Bc4 Rh3+ 55. Kf4 Rh4+ 56. Ke3 Rh5 57. Kd4 Rh4+ 58. Kc5 Rh5 59. Kd6 Bf5 60. Rb7 Rh8 61. e6 Rf8 62. e7 Rc8 63. Bb5 Kf6 64. e8Q Rc2 65. Qe7+ Kg7 66. Qxf7+ Kh6 67. Qf6 Kh5 68. Rh7+ Kg4 69. Qd4+ Kg3 70. Rh4 Rc8 71. Qf4+ Kg2 72. Rh2+ Kg1 73. Qf2# 1-0

[Event "GER-ch U12"]
[White "Wildermuth, Nikolas Karl"]
[Black "Gluma, Christian"]
[Site "Willingen"]
[Round "3"]
[Result "0-1"]
[Date "2017.06.05"]
[WhiteElo "1422"]
[BlackElo "1663"]
[PlyCount "76"]
[EventDate "2017.06.04"]
[EventType "swiss"]
[EventRounds "11"]
[EventCountry "GER"]
[SourceTitle "CBM 178 Extra"]
[Source "ChessBase"]
[SourceDate "2017.06.22"]
[SourceVersion "1"]
[SourceVersionDate "2017.06.22"]
[SourceQuality "1"]

1. e4 e5 2. Nf3 Nc6 3. Bb5 a6 4. Ba4 Nf6 5. d3 d6 6. c3 Be7 7. 0-0 0-0 8. Re1 Bg4 9. Nbd2 Qc8 10. Nf1 Bd7 11. Ne3 h6 12. h3 b5 13. Bc2 a5 14. a4 b4 15. Nh2 Qb7 16. Nhg4 Nxg4 17. hxg4 Be6 18. Nf5 Bf6 19. Qf3 Bxf5 20. gxf5 Ne7 21. Qg4 Kh7 22. c4 c6 23. Bb3 Rad8 24. Re3 Rh8 25. Bd2 d5 26. f3 Qa7 27. Kf1 Qd4 28. Rb1 Bg5 29. Ke2 dxe4 30. Qxe4 Bxe3 31. Bxe3 Qd7 32. f6+ Ng6 33. fxg7 Kxg7 34. g4 Rhe8 35. Bc2 Nf4+ 36. Bxf4 exf4 37. Rd1 Rxe4+ 38. dxe4 Qe7 0-1